| 000 | 00352nam a2200109Ia 4500 | ||
|---|---|---|---|
| 008 | 171204s9999 xx 000 0 und d | ||
| 245 | _aCybersecurity Illustrated: Just the Essentials (in just 2 hours): | ||
| 245 | _cPeter Kim | ||
| 260 | _c2016 | ||
| 650 | _xFUNDAMENTALS OF INFORMATION SECURITY | ||
| 856 | _uhttp://down.ebook777.com/046/B01MTZY6U2.pdf | ||
| 999 |
_c347178 _d347178 |
||